| 000 | 00964nas a2200325 4500 | ||
|---|---|---|---|
| 001 | BR2010003612 | ||
| 003 | BR-BrBNA | ||
| 005 | 20231205114607.0 | ||
| 007 | ta | ||
| 008 | 230509b bl.|||p| |||| 00| 00por d | ||
| 040 |
_aBR-BrBNA _bpor _cBiblioteca Nacional de Agricultura |
||
| 041 | _a(En) | ||
| 072 | _aM12 | ||
| 100 | 1 | _aBecker, A.G. | |
| 100 | 1 | _aGonçalves, J.F. | |
| 100 | 1 | _aGarcia, L.O. | |
| 100 | 1 | _aBehr, E.R. | |
| 100 | 1 | _aGraça, D.L. | |
| 100 | 1 | _aKurtz Filho, M. | |
| 100 | 1 | _aMartins, T. | |
| 100 | 1 | _aBaldisserotto, B. | |
| 245 | 1 | _aMorphometric parameters comparisons of the digestive tract of four teleosts with different feeding habits | |
| 650 | _aTRAÍRA | ||
| 650 | _aCARPA CAPIM | ||
| 650 | _aPEIXE DE ÁGUA DOCE | ||
| 650 | _aPISCICULTURA | ||
| 773 | 0 |
_tCiência Rural (Brazil) _xISSN 0103-8478 _g(Apr 2010), v. 40(4) p. 862-866 _wBR2010003612 |
|
| 909 |
_a202311 _bLúcia _c55 _dLúcia Elande |
||
| 942 |
_2AGRIS _n0 _cANA |
||
| 999 |
_c209481 _d209481 |
||